| 000 -ლიდერი |
| ფიქსირებული სიგრძის საკონტროლო ველი |
01363nam a2200217Ia 4500 |
| 001 - საკონტროლო ნომერი |
| საკონტროლო ველი |
2459 |
| 003 - საკონტროლო ნომრის იდენტიფიკატორი |
| საკონტროლო ველი |
GE_BSU |
| 005 - ბოლო ოპერაციის თარიღი და დრო |
| საკონტროლო ველი |
20190520202456.0 |
| 008 - ფიქსირებული სიგრძის მონაცემთა ელემენტები - ზოგადი ინფორმაცია |
| ფიქსირებული სიგრძის საკონტროლო ველი |
181216s1990||||ge |||||||||||||| ||geo|| |
| 040 ## - კატალოგიზაციის წყარო |
| Transcribing agency |
GE_BSU |
| 245 ## - ცნობა სათაურის შესახებ |
| Statement of responsibility, etc |
შედგენილი ს. ჯანაშიასა და ნ. ბერძენიშვილის რედ. გამოქვეყნ. სახელმძღვ. მიხედვით ; შემდგ.-რედ.: გიორგი მელიქიშვილი. |
| Title |
საქართველოს ისტორია : |
| Remainder of title |
საკითხავი წიგნი / |
| 250 ## - გამოცემის ცნობა |
| Edition statement |
მე-2 გამოცემა. |
| 264 ## - წარმოების, გამოცემის, დისტრიბუციის და სხვა ცნობები |
| გამოცემის, წარმოების, დისტრიბუციის... ადგილი |
თბილისი : |
| გამოცემის, წარმოების, დისტრიბუციის... სახელწოდება |
მეცნიერება, |
| გამოცემის, წარმოების, დისტრიბუციის... თარიღი |
1990. |
| 300 ## - ფიზიკური აღწერა |
| Extent |
382 გვ.; |
| Other physical details |
19 სმ. |
| 653 ## - INDEX TERM--UNCONTROLLED |
| Uncontrolled term |
ისტორია |
| 700 ## - ADDED ENTRY--PERSONAL NAME |
| Personal name |
ჯანაშია, სიმონ, |
| Dates associated with a name |
ისტორიკოსი, მეცნიერი, |
| Relator term |
შემდგენელი |
| 9 (RLIN) |
1446 |
| 700 ## - ADDED ENTRY--PERSONAL NAME |
| Personal name |
ბერძენიშვილი, ნიკოლოზ, |
| Dates associated with a name |
ისტორიკოსი, მეცნიერი, |
| Relator term |
შემდგენელი |
| 9 (RLIN) |
1447 |
| 700 ## - ADDED ENTRY--PERSONAL NAME |
| Personal name |
მელიქიშვილი, გიორგი, |
| Dates associated with a name |
ისტორიკოსი, |
| Relator term |
შემდგენელ-რედაქტორი |
| 9 (RLIN) |
1448 |
| 942 ## - ADDED ENTRY ELEMENTS (KOHA) |
| Koha item type |
წიგნი |
| Source of classification or shelving scheme |
|